000 00667nam a2200229Ia 4500
005 20250508164446.0
008 008 250505s9999 xx 000 0 eng d
037 _aTextual
040 _aFEDL
_beng
_cFEDL
041 _aeng
_2eng
084 _a302, NEW
_qFEDL
100 _aNewcomb Theodore M
245 0 _aSocial psychology : The study of human interaction
260 _aLondon, UK
_bRoutledge and Kegan Paul Limited
_c1969
300 _axii,591p.
365 _aGBP
_b8.95
546 _aMACESE
650 _aSocial psychology
700 _a Turner Ralph H Converse Philip E
_9778197
942 _cTEXL
_h302, NEW
999 _c1389245
_d1389245